<?xml version="1.0" encoding="UTF-8"?>
<record
    xmlns:xsi="http://www.w3.org/2001/XMLSchema-instance"
    xsi:schemaLocation="http://www.loc.gov/MARC21/slim http://www.loc.gov/standards/marcxml/schema/MARC21slim.xsd"
    xmlns="http://www.loc.gov/MARC21/slim">

  <leader>01085nam a22002297a 4500</leader>
  <controlfield tag="003">SISC</controlfield>
  <controlfield tag="005">20171108112131.0</controlfield>
  <controlfield tag="008">171108b        xxu||||| |||| 00| 0 eng d</controlfield>
  <datafield tag="020" ind1=" " ind2=" ">
    <subfield code="a">9781921972317</subfield>
  </datafield>
  <datafield tag="050" ind1=" " ind2=" ">
    <subfield code="a">CD QA 273</subfield>
    <subfield code="b">.Q7st 2014</subfield>
  </datafield>
  <datafield tag="100" ind1=" " ind2=" ">
    <subfield code="a">Quinn, Catherine </subfield>
  </datafield>
  <datafield tag="245" ind1=" " ind2=" ">
    <subfield code="a">Mathematics for the international student mathematics HL option :</subfield>
    <subfield code="b">statistics and probability /</subfield>
    <subfield code="c">Catherine Quinn</subfield>
  </datafield>
  <datafield tag="260" ind1=" " ind2=" ">
    <subfield code="a">Australia : </subfield>
    <subfield code="b">Haese and Harris Publications, </subfield>
    <subfield code="c">2013.</subfield>
  </datafield>
  <datafield tag="300" ind1=" " ind2=" ">
    <subfield code="a">1 CD</subfield>
  </datafield>
  <datafield tag="500" ind1=" " ind2=" ">
    <subfield code="a">Accompanying material for the book entitled "Mathematics for the international student mathematics HL option : statistics and probability" by Catherine Quinn (IB0189 &amp; IB0190)</subfield>
  </datafield>
  <datafield tag="650" ind1=" " ind2=" ">
    <subfield code="2">Library of Congress Subject Headings </subfield>
    <subfield code="a">Mathematics</subfield>
    <subfield code="x">Problems, exercises, etc. </subfield>
  </datafield>
  <datafield tag="650" ind1=" " ind2=" ">
    <subfield code="2">Library of Congress Subject Headings </subfield>
    <subfield code="a">Mathematics </subfield>
    <subfield code="x">Study and teaching (Secondary)</subfield>
  </datafield>
  <datafield tag="650" ind1=" " ind2=" ">
    <subfield code="2">Library of Congress Subject Headings </subfield>
    <subfield code="a">International Baccalaureate</subfield>
  </datafield>
  <datafield tag="650" ind1=" " ind2=" ">
    <subfield code="2">Library of Congress Subject Headings </subfield>
    <subfield code="a">Statistics and probability</subfield>
  </datafield>
  <datafield tag="942" ind1=" " ind2=" ">
    <subfield code="2">lcc</subfield>
    <subfield code="c">AVM</subfield>
  </datafield>
  <datafield tag="999" ind1=" " ind2=" ">
    <subfield code="c">344949</subfield>
    <subfield code="d">344949</subfield>
  </datafield>
  <datafield tag="952" ind1=" " ind2=" ">
    <subfield code="0">0</subfield>
    <subfield code="1">0</subfield>
    <subfield code="2">lcc</subfield>
    <subfield code="4">0</subfield>
    <subfield code="a">LUX</subfield>
    <subfield code="b">LUX</subfield>
    <subfield code="c">AV</subfield>
    <subfield code="d">2017-11-08</subfield>
    <subfield code="e">Library Fund</subfield>
    <subfield code="l">0</subfield>
    <subfield code="o">CD QA 273 .Q7st 2014</subfield>
    <subfield code="p">AV1555</subfield>
    <subfield code="r">2017-11-08 00:00:00</subfield>
    <subfield code="t">1</subfield>
    <subfield code="w">2017-11-08</subfield>
    <subfield code="y">AVM</subfield>
  </datafield>
  <datafield tag="952" ind1=" " ind2=" ">
    <subfield code="0">0</subfield>
    <subfield code="1">0</subfield>
    <subfield code="2">lcc</subfield>
    <subfield code="4">0</subfield>
    <subfield code="a">LUX</subfield>
    <subfield code="b">LUX</subfield>
    <subfield code="c">AV</subfield>
    <subfield code="d">2017-11-08</subfield>
    <subfield code="e">Library Fund</subfield>
    <subfield code="l">0</subfield>
    <subfield code="o">CD QA 273 .Q7st 2014</subfield>
    <subfield code="p">AV1559</subfield>
    <subfield code="r">2017-11-08 00:00:00</subfield>
    <subfield code="t">2</subfield>
    <subfield code="w">2017-11-08</subfield>
    <subfield code="y">AVM</subfield>
  </datafield>
</record>
